00690nam a2200217Ia 450000500170000000800410001702000180005804000180007604100080009408200230010210000210012524500850014625000120023126000420024330000240028565000320030965000440034165000410038570000230042670000230044920221031110421.0210716s2016 xx 000 0 und d a9789350042397 cAIMIT LIBRARY aeng a621.3821 21bCOLC aCollins, Charle. aAndroid in practice /cBy Charle Collins; Michael D Galpin and Matthias Kappler. a1st ed. aNew Delhi :bDreamtech Press ,c2016. axxi,623p. ;c24 cm. 2Beyond standard development 2Managing background tasks with services 2Appeal to the sense using multimedia aGalpin, Michael D. aKappler, Matthias.